Drevené kostolíky v okolí Bardejova. /

Uložené v:
Podrobná bibliografia
Médium: Kniha
Jazyk:Slovak
Vydané: Bardejov : Sajancy, 1997
Vydanie:1. vyd.
Témy:
ISBN: 8096772503 (brož.)
Fyzický popis: 192 s.
Tagy: Pridať tag
Žiadne tagy, Buďte prvý kto otaguje tento záznam!

MARC

LEADER 00000nam a2200000 a 4500
001 000061821
003 SVKK
005 19990622000000.0
008 971124s1997 xo e sloo
020 |a 8096772503 (brož.) 
040 |a SVKKK  |b slo  |c SVKKK  |e AACR2 
041 0 |a slo 
044 |a xo  |c SK 
080 |a 726.54(437.672)  |2 1997 
245 0 0 |a Drevené kostolíky v okolí Bardejova. /  |c Text Jana Božová 
250 |a 1. vyd. 
260 |a Bardejov :  |b Sajancy,  |c 1997 
300 |a 192 s. 
500 |a Názov a text aj nem., angl. 
653 0 |a kostoly drevené  |2 SVKKKPH 
653 0 |a Bardejov (Slovensko : okolie)  |2 SVKKKPH 
653 0 |a monografie  |2 SVKKKPH 
655 7 |a monografie  |2 SVKKKPH 
700 1 |a Božová, Jana  |4 oth 
910 |a svkkk 
919 |a 80-967725-0-3 
974 |a MI  |d 19971204 
974 |a KL  |d 19971201 
974 |a PI  |d 19990622 
998 |a BK 
090 |g SCKHL  |k Sklad Pribinova 2. posch.  |a III.177984  |j 910707  |i 2720040997  |s Absenčne 
090 |g SCKHL  |k Sklad Pribinova prízemie  |a IV.176887  |j 912789  |i 2720069916  |s Absenčne